| 000 | 00583nam a22001937a 4500 | ||
|---|---|---|---|
| 005 | 20260701120721.0 | ||
| 020 | _a9780070703544 | ||
| 041 | _aENG | ||
| 082 |
_a519.5 _bWEB |
||
| 100 | _aWebster Allen L. | ||
| 245 |
_aApplied statistics for business and economics : _b an essentials version / _cAllen L. Webster |
||
| 250 | _a3 rd edition . | ||
| 260 |
_aNew Delhi : _bMcgraw hill , _c2010. |
||
| 300 |
_axx, 604 pages : _billustrations ; _c24 cm. |
||
| 504 | _aIncludes index. | ||
| 650 | _aCommercial statistics. | ||
| 650 |
_aEconomics _xStatistical methods. |
||
| 942 |
_2ddc _cBK |
||
| 999 |
_c24367 _d24367 |
||